文字数3字・読み3字の市 - Statistics

General Stats
  • This quiz has been taken 666 times
  • The average score is 27 of 37
Answer Stats
都道府県 都市名 人口 % Correct
愛知県 名古屋 2 294 854
97%
長崎県 佐世保 401 195
97%
福島県 いわき 310 890
97%
茨城県 つくば 252 202
93%
福岡県 久留米 302 383
91%
沖縄県 うるま 125 973
89%
神奈川県 海老名 138 969
81%
香川県 さぬき 45 822
79%
東京都 千代田区 67 911
77%
栃木県 さくら 43 984
77%
群馬県 みどり 49 423
76%
新潟県 新発田 94 098
75%
千葉県 我孫子 130 964
74%
福井県 あわら 26 900
73%
岐阜県 多治見 107 278
72%
青森県 つがる 30 185
72%
秋田県 にかほ 23 047
72%
千葉県 八千代 204 717
71%
佐賀県 伊万里 52 721
71%
三重県 いなべ 44 797
70%
石川県 かほく 35 931
70%
兵庫県 たつの 74 081
69%
宮崎県 えびの 18 050
68%
青森県 十和田 59 024
67%
千葉県 いすみ 35 896
67%
愛知県 みよし 61 485
65%
富山県 小矢部 28 602
65%
福岡県 うきは 28 213
64%
鹿児島県 志布志 29 808
61%
埼玉県 富士見 112 834
59%
山形県 寒河江 40 086
59%
大分県 津久見 15 868
59%
新潟県 小千谷 33 722
58%
新潟県 阿賀野 40 353
57%
北海道 富良野 20 223
56%
鹿児島県 阿久根 18 914
53%
福岡県 みやま 35 481
52%
No matching quizzes found
Score Distribution
Percent of People with Each Score
Percentile by Number Answered
Your Score History
You have not taken this quiz